[Event "Mitropacup (Women) 12th"]
[Site "Mayrhofen"]
[Date "2015.06.21"]
[Round "8.2"]
[White "Newrkla, Katharina"]
[Black "Fuskova, Martina"]
[Result "1/2-1/2"]
[WhiteElo "2153"]
[BlackElo "1969"]
[PlyCount "99"]
[EventDate "2015.06.14"]
[EventType "team"]
[EventRounds "9"]
[EventCountry "AUT"]
[WhiteTeam "Austria I"]
[BlackTeam "Czech Republic"]
[BlackTeamCountry "CZE"]

1. e4 c5 2. Nf3 Nc6 3. d4 cxd4 4. Nxd4 e5 5. Nb5 d6 6. c4 Be7 7. N1c3 a6 8. Na3
f5 9. exf5 Bxf5 10. Bd3 Be6 11. Nc2 Nf6 12. O-O O-O 13. b3 b5 14. Nd5 Rc8 15.
Bb2 Kh8 16. Nce3 Nd4 17. Nxf6 Rxf6 18. Nd5 Bxd5 19. cxd5 Rh6 20. Bc1 Bg5 21.
Qg4 Bxc1 22. Raxc1 Rb8 23. g3 Rf6 24. f4 g6 25. fxe5 dxe5 26. Be4 Rxf1+ 27.
Rxf1 Qe7 28. h4 Rf8 29. Rxf8+ Qxf8 30. h5 Qc5 31. Kg2 Qc1 32. hxg6 Qd2+ 33. Kh3
Qh6+ 34. Qh4 Qxh4+ 35. Kxh4 hxg6 36. Bxg6 Kg7 37. Bd3 Kf6 38. g4 Nf3+ 39. Kh5
Ng5 40. b4 e4 41. Bf1 e3 42. Kh4 Ne4 43. g5+ Nxg5 44. Kg4 Ne4 45. Kf4 Nc3 46.
Kxe3 Nxd5+ 47. Kd4 Nxb4 48. Kc5 Nxa2 49. Bxb5 axb5 50. Kxb5 1/2-1/2

[Event "Mitropacup (Women) 12th"]
[Site "Mayrhofen"]
[Date "2015.06.21"]
[Round "8.1"]
[White "Deur Saric, Zrinka"]
[Black "Hoolt, Sarah"]
[Result "1/2-1/2"]
[WhiteElo "2137"]
[BlackElo "2283"]
[PlyCount "75"]
[EventDate "2015.06.14"]
[EventType "team"]
[EventRounds "9"]
[EventCountry "AUT"]
[WhiteTeam "Croatia"]
[BlackTeam "Germany"]
[WhiteTeamCountry "CRO"]
[BlackTeamCountry "GER"]

1. e4 c5 2. Nf3 Nc6 3. d4 cxd4 4. Nxd4 Qb6 5. Nb3 Nf6 6. Nc3 e6 7. Be3 Qc7 8.
f3 Bb4 9. Qd2 O-O 10. a3 Be7 11. Be2 a6 12. O-O b5 13. Nd4 Bb7 14. Nxc6 Bxc6
15. Bf4 d6 16. Rad1 Rfd8 17. Rfe1 h6 18. Bf1 Qb7 19. Be3 a5 20. Ne2 e5 21. Nc3
d5 22. exd5 Nxd5 23. Nxd5 Bxd5 24. Qf2 Bf6 25. Bd3 Re8 26. c3 e4 27. fxe4 Bxe4
28. Bxh6 Bxd3 29. Rxe8+ Rxe8 30. Rxd3 Qc6 31. Bd2 Qc4 32. Re3 Rd8 33. Qe2 Qc5
34. Kh1 Qc6 35. Be1 Qd7 36. h3 g6 37. Re4 Kg7 38. Kh2 1/2-1/2

[Event "Mitropacup (Women) 12th"]
[Site "Mayrhofen"]
[Date "2015.06.21"]
[Round "8.2"]
[White "Fuchs, Judith"]
[Black "Grgic, Neomi"]
[Result "1-0"]
[WhiteElo "2286"]
[BlackElo "2011"]
[PlyCount "113"]
[EventDate "2015.06.14"]
[EventType "team"]
[EventRounds "9"]
[EventCountry "AUT"]
[WhiteTeam "Germany"]
[BlackTeam "Croatia"]
[WhiteTeamCountry "GER"]
[BlackTeamCountry "CRO"]

1. b3 e5 2. Bb2 Nc6 3. e3 Nge7 4. c4 d5 5. cxd5 Nxd5 6. a3 a6 7. Qc2 Be7 8. Nf3
Bf6 9. d3 O-O 10. Be2 Be6 11. Nbd2 g6 12. Ne4 Bg7 13. Nc5 Bc8 14. O-O Qe8 15.
b4 b6 16. Nb3 Bb7 17. Rfe1 Rd8 18. Rac1 Kh8 19. Qb1 Qe7 20. Qa1 f6 21. Nbd2
Rde8 22. Bd1 Qd7 23. Ba4 Re6 24. Qb1 Qe7 25. Bb3 Rd6 26. Rc2 Nb8 27. Rec1 c6
28. Re1 Rdd8 29. Rcc1 Rfe8 30. Bc2 Qf8 31. d4 exd4 32. Nxd4 Nc7 33. Be4 f5 34.
Bf3 Ne6 35. Nxe6 Rxe6 36. Nc4 b5 37. Na5 Rd7 38. Nb3 Red6 39. Nc5 Re7 40. Red1
Rxd1+ 41. Rxd1 Bc8 42. Bxg7+ Kxg7 43. Qd3 Rc7 44. Qd4+ Qf6 45. Qf4 Qe7 46. Rd6
Kg8 47. Qd4 Bd7 48. h4 Be8 49. Re6 Qf8 50. Rd6 Re7 51. Bd1 Bf7 52. Rf6 Qg7 53.
Bb3 Bd5 54. Bxd5+ cxd5 55. Qxd5+ Rf7 56. Rb6 Qf8 57. Rb7 1-0

[Event "Mitropacup (Women) 12th"]
[Site "Mayrhofen"]
[Date "2015.06.21"]
[Round "8.1"]
[White "Hapala, Elisabeth"]
[Black "Gara, Ticia"]
[Result "0-1"]
[WhiteElo "2090"]
[BlackElo "2333"]
[PlyCount "66"]
[EventDate "2015.06.14"]
[EventType "team"]
[EventRounds "9"]
[EventCountry "AUT"]
[WhiteTeam "Austria II"]
[BlackTeam "Hungary"]
[BlackTeamCountry "HUN"]

1. e4 c5 2. Nf3 d6 3. d4 cxd4 4. Nxd4 Nf6 5. Nc3 Bd7 6. Bg5 e6 7. Qd2 a6 8.
O-O-O h6 9. Bxf6 Qxf6 10. f4 Nc6 11. Nf3 Qd8 12. g4 Qc7 13. Kb1 O-O-O 14. Bg2
Kb8 15. Rhe1 Na5 16. e5 Nc4 17. Qd3 d5 18. Nd2 Nxd2+ 19. Qxd2 Bb4 20. Qd4 Bxc3
21. bxc3 Rc8 22. Re3 Qa5 23. Bf1 Ba4 24. Rc1 Rc6 25. f5 Rhc8 26. Kb2 Rb6+ 27.
Ka1 Bb5 28. Rb1 Bc4 29. Bxc4 Rxb1+ 30. Kxb1 Rxc4 31. Qd3 Rxg4 32. Rg3 Re4 33.
Re3 Qb6+ 0-1

[Event "Mitropacup (Women) 12th"]
[Site "Mayrhofen"]
[Date "2015.06.21"]
[Round "8.2"]
[White "Rudolf, Anna"]
[Black "Trippold, Denise"]
[Result "1-0"]
[WhiteElo "2348"]
[BlackElo "1966"]
[PlyCount "91"]
[EventDate "2015.06.14"]
[EventType "team"]
[EventRounds "9"]
[EventCountry "AUT"]
[WhiteTeam "Hungary"]
[BlackTeam "Austria II"]
[WhiteTeamCountry "HUN"]

1. d4 Nf6 2. Nf3 e6 3. c4 b6 4. a3 Bb7 5. Nc3 d5 6. cxd5 exd5 7. Bg5 h6 8. Bh4
Be7 9. e3 O-O 10. Bd3 Nbd7 11. Rc1 Ne4 12. Bxe7 Qxe7 13. O-O c6 14. Qc2 Rfe8
15. Rfe1 Rad8 16. b4 Ra8 17. Qb3 a6 18. a4 Rec8 19. a5 b5 20. Re2 f5 21. Ne1
Rf8 22. f3 Nd6 23. f4 Kh8 24. Nf3 Rad8 25. Qb1 g6 26. Nd1 Nc4 27. Nf2 Rf6 28.
g4 Na3 29. Qb2 Nc4 30. Qb1 Na3 31. Qb2 Nc4 32. Qc3 Rdf8 33. g5 hxg5 34. Nxg5
Kg7 35. Bb1 Nd6 36. Qe1 Rh8 37. Nd3 Ne4 38. Rg2 Rh5 39. Nf3 Kf8 40. Nde5 Nxe5
41. Nxe5 Qh7 42. Bxe4 fxe4 43. Qc3 Rh3 44. Qc5+ Kg8 45. f5 Qh6 46. Ng4 1-0

[Event "Mitropacup (Women) 12th"]
[Site "Mayrhofen"]
[Date "2015.06.22"]
[Round "9.1"]
[White "Kochetkova, Julia"]
[Black "Georgescu, Lena"]
[Result "1-0"]
[WhiteElo "2292"]
[BlackElo "2052"]
[PlyCount "37"]
[EventDate "2015.06.14"]
[EventType "team"]
[EventRounds "9"]
[EventCountry "AUT"]
[WhiteTeam "Slovakia"]
[BlackTeam "Switzerland"]
[WhiteTeamCountry "SVK"]
[BlackTeamCountry "SUI"]

1. e4 c5 2. Nf3 d6 3. Nc3 Nc6 4. Bb5 Bd7 5. Bxc6 Bxc6 6. d4 cxd4 7. Qxd4 Nf6 8.
Bg5 e6 9. O-O-O Be7 10. Qd3 Qa5 11. Bd2 Qa6 12. Qxa6 bxa6 13. Rhe1 O-O 14. Nd4
Bb7 15. f3 Rfc8 16. Nb3 Bd8 17. Bf4 d5 18. exd5 Nxd5 19. Nxd5 1-0

[Event "Mitropacup (Women) 12th"]
[Site "Mayrhofen"]
[Date "2015.06.22"]
[Round "9.2"]
[White "Heinatz, Maria"]
[Black "Gazikova, Veronika"]
[Result "1-0"]
[WhiteElo "1958"]
[BlackElo "2287"]
[PlyCount "87"]
[EventDate "2015.06.14"]
[EventType "team"]
[EventRounds "9"]
[EventCountry "AUT"]
[WhiteTeam "Switzerland"]
[BlackTeam "Slovakia"]
[WhiteTeamCountry "SUI"]
[BlackTeamCountry "SVK"]

1. e4 e5 2. Nf3 Nc6 3. Nc3 Nf6 4. Bb5 Bb4 5. Bxc6 bxc6 6. O-O d6 7. d4 Qe7 8.
h3 O-O 9. Re1 h6 10. a3 Ba5 11. Qd3 Bb7 12. Bd2 Rfe8 13. dxe5 dxe5 14. b4 Bb6
15. Nh4 Red8 16. Nf5 Qe6 17. Qe2 c5 18. Ng3 cxb4 19. axb4 Qd6 20. Rad1 Qxb4 21.
Nd5 Qd6 22. Nf5 Qe6 23. Nxf6+ Qxf6 24. Qf3 Kh7 25. Qh5 Bc6 26. g4 Rxd2 27. Rxd2
Ba5 28. Red1 Bxd2 29. Rxd2 a5 30. f3 a4 31. Rg2 a3 32. g5 Qg6 33. Qh4 a2 34.
gxh6 a1=Q+ 35. Kh2 Qxg2+ 36. Kxg2 g5 37. Qg4 Bd7 38. Qh5 Qa2 39. Ne7 Qxc2+ 40.
Kg3 Qc4 41. Qxg5 Rg8 42. Qxg8+ Kxh6 43. Qh8+ Kg5 44. Qh4# 1-0

[Event "Mitropacup (Women) 12th"]
[Site "Mayrhofen"]
[Date "2015.06.22"]
[Round "9.1"]
[White "Hoolt, Sarah"]
[Black "Hapala, Elisabeth"]
[Result "0-1"]
[WhiteElo "2283"]
[BlackElo "2090"]
[PlyCount "120"]
[EventDate "2015.06.14"]
[EventType "team"]
[EventRounds "9"]
[EventCountry "AUT"]
[WhiteTeam "Germany"]
[BlackTeam "Austria II"]
[WhiteTeamCountry "GER"]

1. e4 e5 2. Nf3 Nc6 3. Bb5 a6 4. Ba4 Nf6 5. Qe2 b5 6. Bb3 Be7 7. c3 O-O 8. d4
d6 9. Nbd2 Bg4 10. h3 Bh5 11. d5 Na5 12. Bc2 c6 13. b4 Nc4 14. Nxc4 bxc4 15. g4
Bg6 16. g5 Nh5 17. Qxc4 cxd5 18. Qxd5 Kh8 19. Rg1 Qc8 20. Bd2 Qxh3 21. Ke2 Qc8
22. Bb3 f5 23. Nh4 Bf7 24. Qxf7 Rxf7 25. Bxf7 g6 26. exf5 Qb7 27. Rg4 gxf5 28.
Nxf5 Nf4+ 29. Bxf4 exf4 30. Nh6 Bf8 31. Rxf4 Bxh6 32. gxh6 Rf8 33. Bd5 Re8+ 34.
Re4 Rxe4+ 35. Bxe4 Qxe4+ 36. Kd2 Qf4+ 37. Kc2 Qxf2+ 38. Kb3 Qd2 39. a4 Qxh6 40.
b5 Qe6+ 41. Kb4 axb5 42. axb5 Qe4+ 43. c4 d5 44. Ra8+ Kg7 45. Rc8 dxc4 46. Rxc4
Qb7 47. Rc6 h5 48. Kc5 h4 49. b6 Qe7+ 50. Kb5 Qe2+ 51. Rc4 h3 52. b7 Qe8+ 53.
Kb6 h2 54. Rc7+ Kg6 55. Rc8 Qe6+ 56. Rc6 Qxc6+ 57. Kxc6 h1=Q+ 58. Kc7 Qc1+ 59.
Kd7 Qb2 60. Kc8 Qc3+ 0-1

[Event "Mitropacup (Women) 12th"]
[Site "Mayrhofen"]
[Date "2015.06.22"]
[Round "9.2"]
[White "Trippold, Denise"]
[Black "Fuchs, Judith"]
[Result "1-0"]
[WhiteElo "1966"]
[BlackElo "2286"]
[PlyCount "85"]
[EventDate "2015.06.14"]
[EventType "team"]
[EventRounds "9"]
[EventCountry "AUT"]
[WhiteTeam "Austria II"]
[BlackTeam "Germany"]
[BlackTeamCountry "GER"]

1. d4 d6 2. Nf3 g6 3. c4 Bg7 4. e4 Bg4 5. Be3 Nc6 6. Be2 Bxf3 7. Bxf3 e5 8. d5
Nd4 9. O-O Ne7 10. Be2 c5 11. Nc3 O-O 12. Rb1 f5 13. exf5 gxf5 14. f4 e4 15.
Kh1 Kh8 16. Bh5 Ng8 17. Qd2 Rf6 18. Rbe1 Rh6 19. Bd1 a6 20. g4 fxg4 21. Nxe4
Nf5 22. Bxg4 Nxe3 23. Rxe3 Qh4 24. Ng5 Rf8 25. Re8 Rhf6 26. Rxf8 Rxf8 27. Be6
Nh6 28. Qc2 Ng8 29. Nf7+ Rxf7 30. Bxf7 Bd4 31. Bxg8 Kxg8 32. b3 Qe7 33. Qg2+
Kf8 34. Qf3 Qh4 35. Qe4 Bf2 36. Qe2 Bd4 37. Re1 Bf6 38. Qe8+ Kg7 39. Rg1+ Kh6
40. Qf8+ Kh5 41. Qf7+ Kh6 42. Rg3 Qxf4 43. Rh3+ 1-0

[Event "Mitropacup (Women) 12th"]
[Site "Mayrhofen"]
[Date "2015.06.22"]
[Round "9.1"]
[White "Exler, Veronika"]
[Black "Deur Saric, Zrinka"]
[Result "1-0"]
[WhiteElo "2193"]
[BlackElo "2137"]
[PlyCount "210"]
[EventDate "2015.06.14"]
[EventType "team"]
[EventRounds "9"]
[EventCountry "AUT"]
[WhiteTeam "Austria I"]
[BlackTeam "Croatia"]
[BlackTeamCountry "CRO"]

1. d4 Nf6 2. c4 e6 3. Nf3 d5 4. g3 dxc4 5. Bg2 Bd7 6. Ne5 Bc6 7. Nxc6 Nxc6 8.
O-O Qd7 9. e3 O-O-O 10. Qa4 Nd5 11. Qxc4 h5 12. Rd1 h4 13. Qe2 hxg3 14. hxg3 f5
15. Nc3 Be7 16. e4 fxe4 17. Nxe4 Nf6 18. Be3 Nxe4 19. Bxe4 Nb4 20. Bf4 Nd5 21.
Be5 Bd6 22. Rac1 Kb8 23. Kg2 Rh6 24. Rh1 Rdh8 25. Rxh6 Rxh6 26. Bxd6 Qxd6 27.
Qg4 Qe7 28. Re1 Nf6 29. Qg5 Rh5 30. Qf4 Qd7 31. Qf3 c6 32. Bg6 Rh6 33. Qf4+ Qc7
34. Qxc7+ Kxc7 35. Bf7 Nd5 36. Bxe6 Nb4 37. Re2 Kd6 38. Bc4 b5 39. Bb3 a5 40.
a3 Nd5 41. Re5 Nc7 42. f4 Ne6 43. Bxe6 Rxe6 44. Rxe6+ Kxe6 45. Kf3 Kd5 46. Ke3
Kc4 47. f5 Kb3 48. g4 Kxb2 49. g5 b4 50. axb4 a4 51. f6 gxf6 52. gxf6 a3 53. f7
a2 54. f8=Q a1=Q 55. Qc5 Qe1+ 56. Kd3 Qd1+ 57. Ke4 Qe1+ 58. Kf5 Qe8 59. Qe5
Qf7+ 60. Ke4 Qh7+ 61. Ke3 Qh6+ 62. Kd3 Qh3+ 63. Ke4 Qh7+ 64. Kf4 Qf7+ 65. Kg5
Kb3 66. Qd6 Qf3 67. Qc5 Qe4 68. b5 cxb5 69. Qxb5+ Kc3 70. Qc5+ Kd3 71. d5 Qe5+
72. Kg6 Ke4 73. Qc4+ Ke3 74. Kf7 Qf5+ 75. Ke7 Qe5+ 76. Kd7 Qf5+ 77. Kd6 Qf8+
78. Kd7 Qf5+ 79. Kc7 Qf7+ 80. Kb6 Qf6+ 81. Qc6 Qb2+ 82. Kc7 Qg7+ 83. Kd8 Qg5+
84. Kc7 Qg7+ 85. Kb8 Qb2+ 86. Ka7 Qg7+ 87. Kb6 Qb2+ 88. Qb5 Qf6+ 89. Kc5 Qc3+
90. Qc4 Qa5+ 91. Kc6 Qa8+ 92. Kd6 Qd8+ 93. Kc5 Qa5+ 94. Kc6 Qa8+ 95. Kd7 Qb7+
96. Ke6 Qg7 97. Qb3+ Kf4 98. Qb4+ Kf3 99. d6 Qg6+ 100. Kd7 Qf5+ 101. Kc7 Qe5
102. Kc6 Qe6 103. Qc3+ Kf2 104. Qd4+ Kg3 105. Kc7 Qf5 {Flag!!} 1-0

[Event "Mitropacup (Women) 12th"]
[Site "Mayrhofen"]
[Date "2015.06.22"]
[Round "9.2"]
[White "Grgic, Neomi"]
[Black "Newrkla, Katharina"]
[Result "0-1"]
[WhiteElo "2011"]
[BlackElo "2153"]
[PlyCount "118"]
[EventDate "2015.06.14"]
[EventType "team"]
[EventRounds "9"]
[EventCountry "AUT"]
[WhiteTeam "Croatia"]
[BlackTeam "Austria I"]
[WhiteTeamCountry "CRO"]

1. e4 c5 2. Nf3 d6 3. d4 cxd4 4. Nxd4 Nf6 5. Nc3 a6 6. Bc4 e6 7. Qf3 Qc7 8. Bb3
b5 9. O-O b4 10. Nce2 Be7 11. c3 Bb7 12. Qg3 Bxe4 13. Bxe6 fxe6 14. Nxe6 Qb7
15. Bf4 Nc6 16. Rfd1 d5 17. Nc7+ Kf7 18. Nxa8 Rxa8 19. cxb4 Bxb4 20. Bg5 Rd8
21. Nf4 Bd6 22. Rac1 Be5 23. Qh3 Bxf4 24. Bxf4 Rd7 25. Qc3 d4 26. Qc4+ Bd5 27.
Qa4 Qb5 28. Qxb5 axb5 29. Rc5 b4 30. Rdc1 Ne7 31. Rb5 Bxa2 32. Rxb4 Be6 33. Be5
d3 34. Rd1 Bf5 35. f3 Nc6 36. Rb5 Nd5 37. Bc3 g6 38. g4 Ne3 39. Re1 Nc2 40. Rd1
Be6 41. Kf2 Ne7 42. Rc5 Bb3 43. Rd2 h6 44. h4 Be6 45. Ba5 Na1 46. Rc7 Rxc7 47.
Bxc7 Bc4 48. Be5 Nb3 49. Rd1 Nd5 50. Bc3 Nxc3 51. bxc3 d2 52. Ke3 Ke6 53. f4
Ke7 54. Rg1 Be6 55. h5 Bxg4 56. hxg6 d1=Q 57. Rxd1 Bxd1 58. f5 Kf6 59. Kf4 Bc2
0-1

[Event "Mitropacup (Women) 12th"]
[Site "Mayrhofen"]
[Date "2015.06.22"]
[Round "9.1"]
[White "Unuk, Laura"]
[Black "Novosadova, Kristyna"]
[Result "1-0"]
[WhiteElo "2121"]
[BlackElo "2211"]
[PlyCount "85"]
[EventDate "2015.06.14"]
[EventType "team"]
[EventRounds "9"]
[EventCountry "AUT"]
[WhiteTeam "Slovenia"]
[BlackTeam "Czech Republic"]
[WhiteTeamCountry "SLO"]
[BlackTeamCountry "CZE"]

1. d4 d5 2. Nf3 Nf6 3. c4 c6 4. e3 Bg4 5. Qb3 Qb6 6. Nc3 e6 7. Nh4 Bh5 8. h3
Na6 9. c5 Qxb3 10. axb3 Nc7 11. g4 Bg6 12. g5 Ng8 13. Nxg6 hxg6 14. f3 e5 15.
dxe5 Bxc5 16. Bd3 Ne7 17. Na4 Ne6 18. Bd2 a6 19. Nxc5 Nxc5 20. Bc2 Ne6 21. f4
O-O-O 22. Kf2 d4 23. e4 c5 24. Bd3 Kb8 25. Rac1 Rc8 26. h4 b5 27. f5 gxf5 28.
exf5 Nf8 29. Be4 Ka7 30. f6 gxf6 31. exf6 Neg6 32. h5 Ne5 33. Bf4 Nfd7 34. Bf5
c4 35. g6 Rc6 36. g7 Re8 37. Bxd7 Nxd7 38. Rce1 Rd8 39. Re7 Rxf6 40. Rxd7+ Rxd7
41. Kg3 d3 42. g8=Q Kb6 43. Qb8+ 1-0

[Event "Mitropacup (Women) 12th"]
[Site "Mayrhofen"]
[Date "2015.06.22"]
[Round "9.2"]
[White "Fuskova, Martina"]
[Black "Hrescak, Ivana"]
[Result "1-0"]
[WhiteElo "1969"]
[BlackElo "2057"]
[PlyCount "119"]
[EventDate "2015.06.14"]
[EventType "team"]
[EventRounds "9"]
[EventCountry "AUT"]
[WhiteTeam "Czech Republic"]
[BlackTeam "Slovenia"]
[WhiteTeamCountry "CZE"]
[BlackTeamCountry "SLO"]

1. e4 c5 2. Nf3 d6 3. d4 cxd4 4. Nxd4 Nf6 5. Nc3 g6 6. Be3 Bg7 7. f3 Nc6 8. Qd2
O-O 9. Bc4 Bd7 10. Bb3 Na5 11. g4 Nxb3 12. axb3 a6 13. h4 b5 14. h5 b4 15. Nd5
e5 16. Ne2 Nxd5 17. exd5 e4 18. Bd4 Bxd4 19. Nxd4 exf3 20. O-O-O g5 21. h6 a5
22. Nxf3 f6 23. Qd4 Rf7 24. Rdf1 Qe7 25. Re1 Qd8 26. Ref1 Qe7 27. Re1 Qd8 28.
Nd2 a4 29. bxa4 Rxa4 30. b3 Ra6 31. Qxb4 Qa8 32. Qd4 Ra1+ 33. Nb1 Ra5 34. Nc3
Ra1+ 35. Kd2 Rxe1 36. Rxe1 Qf8 37. Rh1 Qe7 38. Rf1 f5 39. gxf5 Bxf5 40. Nb5 Qf8
41. Nxd6 Qxd6 42. Rxf5 Qxh6 43. Rxf7 Kxf7 44. d6 g4+ 45. Kd1 Qh1+ 46. Ke2 Qh2+
47. Kd3 Qh3+ 48. Kc4 Qf1+ 49. Kb4 Qf6 50. Qa7+ Ke8 51. Qa4+ Kd8 52. Qa5+ Ke8
53. Qb5+ Kf8 54. Qb8+ Kf7 55. Qc7+ Kf8 56. d7 Qd4+ 57. c4 Qd2+ 58. Kb5 Qg5+ 59.
Kc6 Qf6+ 60. Qd6+ 1-0